Odpisovanie drobných stavieb v roku 2000 a 2001

Jednotlivé etapy v odpisovaní budov a stavieb od roku 1993. Odpisovanie drobných stavieb v r. 2000 a 2001. Definícia "drobnej stavby". Zmeny odpisovania drobných stavieb v zákone o daniach z príjmov. Špecifické príklady odpisovania drobných stavieb.

Guardado en:
Detalles Bibliográficos
Autor principal: Kováčová, Zdenka
Formato: Capítulo de libro
Lenguaje:eslovaco
Materias:
Etiquetas: Agregar Etiqueta
Sin Etiquetas, Sea el primero en etiquetar este registro!

MARC

LEADER 00000naa a2200000 4500
001 r043665
005 20230927065217.0
041 0 |a slo 
044 |a SK 
245 1 0 |a Odpisovanie drobných stavieb v roku 2000 a 2001  |c Zdenka Kováčová 
520 |a Jednotlivé etapy v odpisovaní budov a stavieb od roku 1993. Odpisovanie drobných stavieb v r. 2000 a 2001. Definícia "drobnej stavby". Zmeny odpisovania drobných stavieb v zákone o daniach z príjmov. Špecifické príklady odpisovania drobných stavieb. 
610 2 0 |a odpisy 
610 2 0 |a odpisy daňové 
610 2 0 |a stavby 
610 2 0 |a budovy 
610 2 0 |a úpravy právne 
610 2 0 |a dane z príjmov 
610 2 0 |a 2000 
610 2 0 |a 2001 
100 1 |a Kováčová, Zdenka